[Event "32nd Rilton Cup"]
[Site "Stockholm SWE"]
[Date "2003.01.02"]
[Round "6.11"]
[White "Taimanov, Mark"]
[Black "Ernst, Thomas"]
[Result "1/2-1/2"]
[WhiteElo "2406"]
[BlackElo "2450"]
[EventDate "2002.12.27"]
[PlyCount "84"]

1.c4 c5 2.Nc3 Nc6 3.g3 g6 4.Bg2 Bg7 5.a3 a6 6.Rb1 Rb8 7.b4 cxb4 8.axb4 b5 
9.cxb5 axb5 10.Nf3 e5 11.d3 Nge7 12.O-O d5 13.Bd2 O-O 14.Qb3 h6 15.Rfc1 
Be6 16.Qd1 Qd7 17.Be1 f5 18.e3 f4 19.exf4 exf4 20.Ne2 fxg3 21.hxg3 g5 22.
Nh2 Nf5 23.Rc2 Ncd4 24.Nxd4 Nxd4 25.Rc5 Qf7 26.Rbc1 Rb7 27.Nf1 Nf3+ 28.
Qxf3 Qxf3 29.Bxf3 Rxf3 30.Ne3 d4 31.Kg2 g4 32.Nd5 Bxd5 33.Rxd5 Rxd3 34.Kf1
Rb3 35.Rc2 Rb1 36.Re2 Ra7 37.Re4 Raa1 38.Rd7 h5 39.Re8+ Kh7 40.Ree7 Kh8 
41.Rd8+ Kh7 42.Rdd7 Kh8 1/2-1/2

[Event "32nd Rilton Cup"]
[Site "Stockholm SWE"]
[Date "2003.01.02"]
[Round "6.12"]
[White "Lindberg, Bengt"]
[Black "Nybaeck, Tomi"]
[Result "0-1"]
[WhiteElo "2382"]
[BlackElo "2445"]
[EventDate "2002.12.27"]
[PlyCount "90"]

1.e4 g6 2.d4 Bg7 3.Nc3 d6 4.Be3 a6 5.f4 b5 6.Bd3 Bb7 7.Nf3 Nd7 8.O-O Ngf6 
9.e5 Ng4 10.Bd2 c5 11.Ng5 Nh6 12.Be4 Bxe4 13.Ncxe4 Nf5 14.e6 Bxd4+ 15.Kh1 
fxe6 16.Nxe6 Qb6 17.Qf3 Ra7 18.c3 Bf6 19.Rae1 d5 20.Ng3 Nxg3+ 21.Qxg3 Qd6 
22.Qh3 Nf8 23.f5 Nxe6 24.Rxe6 Qd7 25.Bh6 Kf7 26.Rfe1 Rg8 27.Be3 d4 28.cxd4
gxf5 29.Qxh7+ Rg7 30.Qh5+ Kxe6 31.Bf4+ Be5 32.Bxe5 Rg4 33.Qh7 Kd5 34.Bb8 
Rb7 35.Qf7+ e6 36.Qf6 Re4 37.Rxe4 fxe4 38.Qe5+ Kc6 39.Qxe4+ Qd5 40.Qf4 
Qxd4 41.Qf3+ Qd5 42.Qxd5+ exd5 43.Bg3 d4 44.Kg1 Rf7 45.h4 d3 0-1

[Event "32nd Rilton Cup"]
[Site "Stockholm SWE"]
[Date "2003.01.02"]
[Round "6.13"]
[White "Lehtinen, Hekki"]
[Black "Kiik, Kalle"]
[Result "1/2-1/2"]
[WhiteElo "2332"]
[BlackElo "2445"]
[EventDate "2002.12.27"]
[PlyCount "21"]

1.c4 c5 2.g3 g6 3.Bg2 Bg7 4.Nc3 Nc6 5.a3 a5 6.Nf3 d6 7.d3 e5 8.Nd2 Nge7 9.
Nf1 O-O 10.Ne3 Rb8 11.O-O 1/2-1/2

[Event "32nd Rilton Cup"]
[Site "Stockholm SWE"]
[Date "2003.01.02"]
[Round "6.15"]
[White "Bellon Lopez, Juan Manuel"]
[Black "Shumiakina, Tatania"]
[Result "1-0"]
[WhiteElo "2428"]
[BlackElo "2364"]
[EventDate "2002.12.27"]
[PlyCount "79"]

1.d4 d5 2.Nf3 c6 3.c4 Nf6 4.e3 Bf5 5.Nc3 e6 6.Nh4 Bg6 7.Qb3 Qc7 8.Nxg6 
hxg6 9.Bd2 Nbd7 10.cxd5 exd5 11.h3 Be7 12.Be2 O-O 13.Rc1 Nb6 14.O-O Rfe8 
15.Bd3 Bf8 16.Rfe1 Qd7 17.f3 Bd6 18.g4 Bc7 19.Re2 Nh7 20.Qd1 Qd6 21.Qf1 g5
22.Qg2 Nf8 23.Be1 Ng6 24.b3 Qf6 25.Bf2 Re7 26.h4 Nxh4 27.Bxh4 gxh4 28.g5 
Qe6 29.f4 f5 30.gxf6 Qxf6 31.Kh1 Rf8 32.Rg1 Qh6 33.Qh3 Bd8 34.Rg6 Qh5 35.
Reg2 Ref7 36.R6g4 Qh6 37.Qf3 Rf6 38.Rg5 h3 39.R2g3 Kf7 40.Rxg7+ 1-0

[Event "32nd Rilton Cup"]
[Site "Stockholm SWE"]
[Date "2003.01.02"]
[Round "6.16"]
[White "Winge, Stefan"]
[Black "Ivanov, Sergei"]
[Result "0-1"]
[WhiteElo "2262"]
[BlackElo "2561"]
[EventDate "2002.12.27"]
[PlyCount "76"]

1.e4 e6 2.d4 d5 3.Nc3 Bb4 4.e5 Ne7 5.Bd2 b6 6.Bb5+ c6 7.Ba4 a5 8.a3 Bxc3 
9.Bxc3 O-O 10.Ne2 c5 11.O-O Ba6 12.dxc5 bxc5 13.b4 d4 14.Bd2 Nd7 15.Re1 
Nxe5 16.bxc5 Nc4 17.Bc1 e5 18.Ng3 Rc8 19.Ne4 f5 20.Ng5 Qd5 21.Bb3 Rxc5 22.
a4 Rd8 23.Ba3 Rc7 24.Qh5 h6 25.Nf3 Nc6 26.Qxf5 Rf7 27.Qe4 Rf4 28.Qxd5+ 
Rxd5 29.Nd2 d3 30.c3 Kh7 31.g3 Nxd2 32.Bxd5 Nf3+ 33.Kg2 Nxe1+ 34.Rxe1 Rxa4
35.Bd6 Bb7 36.Be4+ Rxe4 37.Rb1 d2 38.Kf3 Re1 0-1

[Event "32nd Rilton Cup"]
[Site "Stockholm SWE"]
[Date "2003.01.02"]
[Round "6.17"]
[White "Cramling, Pia"]
[Black "Johansson, Gunnar"]
[Result "1-0"]
[WhiteElo "2508"]
[BlackElo "2241"]
[EventDate "2002.12.27"]
[PlyCount "63"]

1.d4 d5 2.c4 c6 3.Nf3 Nf6 4.Nc3 e6 5.Bg5 dxc4 6.e4 b5 7.e5 h6 8.Bh4 g5 9.
exf6 gxh4 10.Ne5 Qxf6 11.a4 Bb7 12.axb5 c5 13.Be2 Rg8 14.Bf3 Bxf3 15.gxf3 
cxd4 16.Qxd4 Bg7 17.f4 Qd8 18.Qe4 Bxe5 19.fxe5 Nd7 20.O-O-O Rc8 21.f4 Qa5 
22.Kb1 h3 23.Rhg1 Rxg1 24.Rxg1 Qb6 25.Rg8+ Nf8 26.Qh7 Qf2 27.Qg7 Ke7 28.
Qf6+ Ke8 29.Qxh6 Ke7 30.Ka2 Qxh2 31.Nd5+ Kd7 32.Qf6 1-0

[Event "32nd Rilton Cup"]
[Site "Stockholm SWE"]
[Date "2003.01.02"]
[Round "6.18"]
[White "Sisaettoe, Olli"]
[Black "Aakesson, Ralf"]
[Result "0-1"]
[WhiteElo "2206"]
[BlackElo "2440"]
[EventDate "2002.12.27"]
[PlyCount "60"]

1.d4 d5 2.c4 e6 3.Nc3 Be7 4.Nf3 Nf6 5.Bg5 O-O 6.cxd5 exd5 7.e3 c6 8.Qc2 
Ne4 9.Bxe7 Qxe7 10.Nxe4 dxe4 11.Nd2 f5 12.Bc4+ Kh8 13.O-O Nd7 14.f3 exf3 
15.Rxf3 Nb6 16.Bb3 Be6 17.Bxe6 Qxe6 18.Raf1 Kg8 19.e4 fxe4 20.Nxe4 Rxf3 
21.Rxf3 Re8 22.Re3 Rd8 23.Rh3 Rxd4 24.Rh4 Nd5 25.Qe2 h6 26.Qf3 Rc4 27.h3 
Rc1+ 28.Kh2 Qe5+ 29.Qg3 Qxg3+ 30.Kxg3 Rc2 0-1

[Event "32nd Rilton Cup"]
[Site "Stockholm SWE"]
[Date "2003.01.02"]
[Round "6.21"]
[White "Nygren, Kim"]
[Black "Spielmann, Alain"]
[Result "0-1"]
[WhiteElo "2202"]
[BlackElo "2308"]
[EventDate "2002.12.27"]
[PlyCount "68"]

1.e4 e6 2.d4 d5 3.Nc3 Bb4 4.e5 c5 5.Bd2 Ne7 6.dxc5 O-O 7.Qg4 Nbc6 8.a3 
Bxc5 9.Nf3 Ng6 10.Qg3 a6 11.Bd3 b5 12.h4 Qc7 13.Kd1 Ngxe5 14.h5 Bd6 15.Ng5
h6 16.Nh3 Nxd3 17.Qxd3 Ne5 18.Qe2 Nc4 19.Bc1 Be5 20.g4 Nxb2+ 21.Bxb2 Bxc3 
22.Bxc3 Qxc3 23.Rb1 e5 24.f3 e4 25.Rf1 exf3 26.Qf2 Bxg4 27.Nf4 Rfe8 28.Rb3
Qc4 29.Rb4 Qa2 30.Rg1 Qxa3 31.Nd3 f5 32.Rbxg4 fxg4 33.Rxg4 Qa1+ 34.Nc1 Qc3
0-1

[Event "32nd Rilton Cup"]
[Site "Stockholm SWE"]
[Date "2003.01.02"]
[Round "6.24"]
[White "Ulybin, Mikhail"]
[Black "Luukkonen, Tommi"]
[Result "1-0"]
[WhiteElo "2581"]
[BlackElo "2081"]
[EventDate "2002.12.27"]
[PlyCount "69"]

1.b3 c5 2.Bb2 Nc6 3.c4 d6 4.g3 e5 5.Bg2 g6 6.e3 Bg7 7.Ne2 Nge7 8.Nbc3 O-O 
9.O-O a6 10.d3 Rb8 11.Qd2 b5 12.h3 Be6 13.Kh2 Nb4 14.cxb5 axb5 15.d4 c4 
16.d5 Bf5 17.e4 Bd7 18.Ba3 Nd3 19.Bxd6 Rb6 20.bxc4 bxc4 21.Ba3 Ra6 22.Nb1 
f5 23.Qc2 fxe4 24.d6 Nd5 25.Qxc4 Nxf2 26.Qxd5+ Kh8 27.Bc5 Ra5 28.Nd2 Qc8 
29.Nb3 Rb5 30.Nc3 Bxh3 31.d7 Bxd7 32.Nxb5 Bc6 33.Qc4 e3 34.Bxf8 Ng4+ 35.
Kg1 1-0

[Event "32nd Rilton Cup"]
[Site "Stockholm SWE"]
[Date "2003.01.03"]
[Round "7.1"]
[White "Brynell, Stellan"]
[Black "Jussupow, Artur"]
[Result "1/2-1/2"]
[WhiteElo "2524"]
[BlackElo "2622"]
[EventDate "2002.12.27"]
[PlyCount "35"]

1.e4 e6 2.d4 d5 3.Nd2 Nf6 4.e5 Nfd7 5.c3 c5 6.Bd3 b6 7.Nh3 Ba6 8.Bxa6 Nxa6
9.O-O Nc7 10.Qg4 f5 11.exf6 Nxf6 12.Qe2 Bd6 13.Nf3 O-O 14.Bf4 Ne4 15.Bxd6 
Nxd6 16.Rfe1 h6 17.Ne5 Nf5 18.Rad1 1/2-1/2

[Event "32nd Rilton Cup"]
[Site "Stockholm SWE"]
[Date "2003.01.03"]
[Round "7.3"]
[White "Wedberg, Tom"]
[Black "Vasquez Schroder, Rodrigo"]
[Result "1-0"]
[WhiteElo "2530"]
[BlackElo "2481"]
[EventDate "2002.12.27"]
[PlyCount "63"]

1.e4 c5 2.Nf3 Nc6 3.d4 cxd4 4.Nxd4 Qb6 5.Nb3 Nf6 6.Nc3 e6 7.Qe2 d6 8.g4 a6
9.Bg2 Be7 10.f4 Qc7 11.a4 b6 12.g5 Nd7 13.O-O Nc5 14.f5 Bb7 15.Be3 g6 16.
Rad1 O-O-O 17.fxe6 fxe6 18.Bh3 Kb8 19.Nxc5 dxc5 20.Bxe6 Nd4 21.Qg4 Rhf8 
22.Bd5 Bc8 23.Qg2 Qe5 24.Bf7 Qg7 25.Bf4+ Ka7 26.Bd5 Bd6 27.Bxd6 Rxd6 28.
Rxf8 Qxf8 29.Rf1 Qe8 30.Rf6 Rxf6 31.gxf6 Qe5 32.Qg3 1-0

[Event "32nd Rilton Cup"]
[Site "Stockholm SWE"]
[Date "2003.01.03"]
[Round "7.4"]
[White "Gleizerov, Evgeny"]
[Black "Furhoff, Johan"]
[Result "1-0"]
[WhiteElo "2581"]
[BlackElo "2302"]
[EventDate "2002.12.27"]
[PlyCount "71"]

1.d4 d5 2.c4 c6 3.Nf3 Nf6 4.Nc3 dxc4 5.a4 Bf5 6.e3 e6 7.Bxc4 Bb4 8.O-O O-O
9.Nh4 Bg4 10.f3 Bh5 11.g4 Nd5 12.Ng2 Bg6 13.Na2 Bd6 14.e4 Nb6 15.Bb3 c5 
16.a5 N6d7 17.d5 Qc7 18.dxe6 c4 19.Bxc4 Bxh2+ 20.Kh1 Qxc4 21.exd7 Bc7 22.
Bf4 Bxa5 23.Nc3 Nc6 24.Qd5 Qb4 25.Bd6 Qxb2 26.Na4 Qf6 27.g5 Qd8 28.Bxf8 
Kxf8 29.Nc5 Qc7 30.Nxb7 Bb6 31.Rac1 Qxb7 32.Rxc6 Rd8 33.Qd6+ Kg8 34.Rfc1 
Qxd7 35.Qxd7 Rxd7 36.Rxb6 1-0

[Event "32nd Rilton Cup"]
[Site "Stockholm SWE"]
[Date "2003.01.03"]
[Round "7.5"]
[White "Nybaeck, Tomi"]
[Black "Bellon Lopez, Juan Manuel"]
[Result "1-0"]
[WhiteElo "2445"]
[BlackElo "2428"]
[EventDate "2002.12.27"]
[PlyCount "125"]

1.Nf3 c5 2.c4 g6 3.e4 Bg7 4.d4 d6 5.d5 Nf6 6.Nc3 b5 7.cxb5 a6 8.Bd3 O-O 9.
O-O axb5 10.Bxb5 Ba6 11.Bxa6 Rxa6 12.Qe2 Qb6 13.e5 dxe5 14.Nxe5 Qb7 15.Rd1
Rd6 16.Qf3 Na6 17.Nc4 Rd7 18.Bf4 Nb4 19.d6 Qxf3 20.gxf3 Re8 21.dxe7 Rd4 
22.Be5 Nc2 23.Bxd4 Nxd4 24.Re1 Ne6 25.Rad1 Rxe7 26.Nd5 Ra7 27.a3 Nd4 28.
Nxf6+ Bxf6 29.Kg2 Ra4 30.Re8+ Kg7 31.Nb6 Ra7 32.Nd5 Bh4 33.Re4 Bd8 34.
Rexd4 cxd4 35.Rxd4 f5 36.Kf1 Kf7 37.Ke2 Bg5 38.Nb6 Bf6 39.Rb4 Ke6 40.Nc4 
Kd5 41.Kd3 Kc5 42.Kc2 Bh4 43.Ne5 Be7 44.Nd3+ Kd5 45.Rb5+ Kc6 46.Rb3 g5 47.
Nb4+ Kd7 48.h3 Bc5 49.Nd3 Bd6 50.Rb5 Ke6 51.Kb3 Bc7 52.a4 Ra8 53.Nb4 Rd8 
54.a5 Bxa5 55.Rxa5 Rd2 56.Nc2 Kf6 57.Kc3 Rxf2 58.Nd4 Rh2 59.Rxf5+ Kg6 60.
b4 Rxh3 61.b5 Rh1 62.b6 Rc1+ 63.Kd2 1-0

[Event "32nd Rilton Cup"]
[Site "Stockholm SWE"]
[Date "2003.01.03"]
[Round "7.6"]
[White "Stefansson, Hannes Hlifar"]
[Black "Berg, Emanuel"]
[Result "1-0"]
[WhiteElo "2566"]
[BlackElo "2535"]
[EventDate "2002.12.27"]
[PlyCount "81"]

1.d4 e6 2.c4 Nf6 3.Nc3 Bb4 4.Qc2 O-O 5.a3 Bxc3+ 6.Qxc3 b6 7.Bg5 Ba6 8.Nf3 
d6 9.Nd2 Nbd7 10.e3 c5 11.dxc5 Nxc5 12.Bxf6 Qxf6 13.Qxf6 gxf6 14.b4 Na4 
15.Ne4 f5 16.Nxd6 Rfd8 17.Rd1 Rd7 18.e4 Nc3 19.Rd3 Rad8 20.e5 Ne4 21.Nxe4 
Rxd3 22.Bxd3 fxe4 23.Be2 Kg7 24.h4 Kg6 25.g4 Rd4 26.b5 Bb7 27.Rh3 h5 28.
Rg3 hxg4 29.Rxg4+ Kh6 30.f3 Rd7 31.fxe4 Rc7 32.Bd3 Rc5 33.Rg5 Bxe4 34.Bxe4
Rxc4 35.Bc6 Rc3 36.Be8 Rf3 37.Ke2 Rf4 38.Rg3 Rxh4 39.Bxf7 Re4+ 40.Re3 Rc4 
41.Bxe6 1-0

[Event "32nd Rilton Cup"]
[Site "Stockholm SWE"]
[Date "2003.01.03"]
[Round "7.7"]
[White "Popov, Valery"]
[Black "Aakesson, Ralf"]
[Result "1/2-1/2"]
[WhiteElo "2568"]
[BlackElo "2440"]
[EventDate "2002.12.27"]
[PlyCount "87"]

1.Nf3 c5 2.c4 Nf6 3.g3 b6 4.Bg2 Bb7 5.O-O e6 6.Nc3 Be7 7.Re1 Nc6 8.e4 d6 
9.d4 cxd4 10.Nxd4 Nxd4 11.Qxd4 O-O 12.b3 Qc7 13.Ba3 Rfd8 14.Red1 Bc6 15.
Rac1 Qb7 16.Bb2 a6 17.a4 Rac8 18.Ba3 Nd7 19.Nd5 Nc5 20.Nxe7+ Qxe7 21.Qe3 
a5 22.Rd2 e5 23.Rcd1 h6 24.f3 Rb8 25.Qc3 Qc7 26.Bb2 Qe7 27.Bf1 Qf6 28.Ba3 
Ra8 29.Be2 Rd7 30.Kg2 Qg6 31.Bd3 Qe6 32.Bc2 Qe7 33.Kg1 Qe6 34.Kg2 Qe7 35.
Kg1 Qe6 36.Qe3 Rad8 37.Bb2 Re8 38.Re2 Qg6 39.Kf2 Qf6 40.Ke1 Qe7 41.Rdd2 
Qg5 42.Qf2 Re6 43.Kd1 Rg6 44.Qe3 1/2-1/2

[Event "32nd Rilton Cup"]
[Site "Stockholm SWE"]
[Date "2003.01.03"]
[Round "7.8"]
[White "Ivanov, Sergei"]
[Black "Karttunen, Mika"]
[Result "1-0"]
[WhiteElo "2561"]
[BlackElo "2413"]
[EventDate "2002.12.27"]
[PlyCount "51"]

1.d4 d5 2.c4 c6 3.Nf3 Nf6 4.Nc3 a6 5.c5 Bf5 6.Bf4 Nbd7 7.e3 e6 8.Be2 Nh5 
9.Bg5 Be7 10.Bxe7 Qxe7 11.O-O Nhf6 12.b4 O-O 13.a4 Bg4 14.b5 Bxf3 15.Bxf3 
e5 16.bxc6 bxc6 17.a5 Ra7 18.Rb1 Ne8 19.Qa4 e4 20.Be2 Qe6 21.Na2 Nc7 22.
Rb6 Nb5 23.Nb4 Nxb6 24.cxb6 Nc3 25.Qc2 Nxe2+ 26.Qxe2 1-0

[Event "32nd Rilton Cup"]
[Site "Stockholm SWE"]
[Date "2003.01.03"]
[Round "7.9"]
[White "Spielmann, Alain"]
[Black "Cramling, Pia"]
[Result "1/2-1/2"]
[WhiteElo "2308"]
[BlackElo "2508"]
[EventDate "2002.12.27"]
[PlyCount "100"]

1.Nf3 d5 2.d4 Nf6 3.c4 c6 4.Nc3 dxc4 5.a4 Bf5 6.Nh4 e6 7.Nxf5 exf5 8.e3 
Bb4 9.Bxc4 O-O 10.O-O Nbd7 11.Qc2 g6 12.Bd2 Rc8 13.Rfd1 Qe7 14.a5 Bd6 15.
h3 Rfe8 16.Qb3 Rb8 17.Be1 Qf8 18.Qa2 b5 19.axb6 axb6 20.Qb3 b5 21.Bf1 Nb6 
22.Ra6 Qe7 23.Rda1 Qe6 24.Qxe6 fxe6 25.Ne2 Nfd5 26.Nc1 Rec8 27.Nd3 Ra8 28.
Rxa8 Rxa8 29.Rxa8+ Nxa8 30.g3 Nac7 31.Kg2 Ne8 32.Kf3 Nef6 33.Ke2 Kf8 34.f3
Bc7 35.Bg2 Nd7 36.e4 Ne7 37.g4 Ke8 38.Bf2 e5 39.dxe5 Nxe5 40.Nxe5 Bxe5 41.
b3 fxe4 42.fxe4 Kd7 43.Kf3 Nc8 44.g5 Nd6 45.h4 Nf7 46.Bh3+ Ke7 47.Bb6 Bd6 
48.Bd4 Be5 49.Bb6 Bd6 50.Bd4 Be5 1/2-1/2

[Event "32nd Rilton Cup"]
[Site "Stockholm SWE"]
[Date "2003.01.03"]
[Round "7.10"]
[White "Von Bahr, Oskar"]
[Black "Handke, Florian"]
[Result "1-0"]
[WhiteElo "2320"]
[BlackElo "2504"]
[EventDate "2002.12.27"]
[PlyCount "83"]

1.e4 e6 2.d4 d5 3.Nc3 Bb4 4.e5 Ne7 5.a3 Bxc3+ 6.bxc3 c5 7.a4 Nbc6 8.Nf3 
Qa5 9.Bd2 Bd7 10.Rb1 Qc7 11.h4 O-O-O 12.h5 f6 13.Bf4 Rhf8 14.Qd2 fxe5 15.
Nxe5 Qa5 16.Bg5 cxd4 17.Nxc6 Nxc6 18.Bxd8 Kxd8 19.Rxb7 dxc3 20.Qg5+ Kc8 
21.Rxd7 Qb6 22.f3 Rf5 23.Qxg7 Qe3+ 24.Be2 Re5 25.Rc7+ Kb8 26.Rb7+ Ka8 27.
Rxa7+ Nxa7 28.Qg8+ Kb7 29.Qxh7+ Kc6 30.Qd3 Qc1+ 31.Kf2 Qxh1 32.Qa6+ Kd7 
33.Qxa7+ Kc6 34.Bb5+ Kd6 35.Qb8+ Kc5 36.Qxe5 Qh4+ 37.Ke2 Kb4 38.Kd3 Ka3 
39.Qxc3+ Ka2 40.Bc4+ Kb1 41.Qb3+ Kc1 42.Qa3+ 1-0

[Event "32nd Rilton Cup"]
[Site "Stockholm SWE"]
[Date "2003.01.03"]
[Round "7.11"]
[White "Lobron, Eric"]
[Black "Hunt, Harriet"]
[Result "1/2-1/2"]
[WhiteElo "2500"]
[BlackElo "2406"]
[EventDate "2002.12.27"]
[PlyCount "107"]

1.d4 Nf6 2.Nf3 e6 3.e3 c5 4.c4 cxd4 5.exd4 d5 6.Nc3 Bb4 7.Bd3 dxc4 8.Bxc4 
O-O 9.O-O b6 10.Bg5 Bb7 11.Rc1 Nbd7 12.Re1 Rc8 13.Qb3 Bxc3 14.Rxc3 Bd5 15.
Bxd5 Rxc3 16.Qxc3 exd5 17.Rc1 h6 18.Bxf6 Nxf6 19.Qc7 Re8 20.Kf1 Qe7 21.
Qxe7 Rxe7 22.Rc8+ Kh7 23.h4 Ne4 24.g4 g6 25.Ne5 Kg7 26.f3 Nd6 27.Rd8 Nc4 
28.Nxc4 dxc4 29.Rc8 b5 30.Kf2 Kf6 31.Rc5 a6 32.a4 bxa4 33.Rxc4 Rb7 34.Rc6+
Ke7 35.Rxa6 Rxb2+ 36.Ke3 Ra2 37.h5 gxh5 38.gxh5 f6 39.Ke4 Rh2 40.Ra7+ Kd6 
41.Ra6+ Ke7 42.f4 Rxh5 43.f5 Rg5 44.Rxa4 h5 45.Ra7+ Kd6 46.Ra6+ Ke7 47.
Ra7+ Kd6 48.Rf7 Rg4+ 49.Ke3 Kd5 50.Rxf6 Re4+ 51.Kf3 Rxd4 52.Re6 Rg4 53.Re8
Rg5 54.Kf4 1/2-1/2

[Event "32nd Rilton Cup"]
[Site "Stockholm SWE"]
[Date "2003.01.03"]
[Round "7.13"]
[White "Kovalevskaya, Ekaterina"]
[Black "Hermansson, Emil"]
[Result "1-0"]
[WhiteElo "2466"]
[BlackElo "2370"]
[EventDate "2002.12.27"]
[PlyCount "67"]

1.e4 c6 2.d4 d5 3.exd5 cxd5 4.c3 Nc6 5.Nf3 Bg4 6.Qb3 Bxf3 7.Qxb7 Qc8 8.
Qxc8+ Rxc8 9.gxf3 Nxd4 10.Ba6 Rc6 11.Bd3 Rc7 12.Bf4 Nxf3+ 13.Ke2 e5 14.
Bb5+ Kd8 15.Bg3 Rc5 16.a4 e4 17.b4 Rc8 18.Ba6 Rc6 19.Bb7 Rh6 20.Rd1 Bd6 
21.Bxd5 Ke7 22.Bxe4 Ng5 23.Bg2 Re6+ 24.Kf1 Nf6 25.Bxd6+ Rxd6 26.Rxd6 Kxd6 
27.Na3 Rc8 28.Nb5+ Ke7 29.Nxa7 Rxc3 30.a5 Nf3 31.a6 Nd5 32.Nb5 Rb3 33.Bxf3
Rxf3 34.Re1+ 1-0

[Event "32nd Rilton Cup"]
[Site "Stockholm SWE"]
[Date "2003.01.03"]
[Round "7.14"]
[White "Ernst, Thomas"]
[Black "Lehtinen, Hekki"]
[Result "0-1"]
[WhiteElo "2450"]
[BlackElo "2332"]
[EventDate "2002.12.27"]
[PlyCount "98"]

1.e4 g6 2.d4 Bg7 3.c4 d6 4.Nc3 e5 5.dxe5 dxe5 6.Qxd8+ Kxd8 7.f4 c6 8.Nf3 
Nd7 9.Be2 f6 10.O-O Nh6 11.fxe5 Nxe5 12.Nxe5 fxe5 13.Bg5+ Ke8 14.Rad1 Nf7 
15.Be3 Nd8 16.c5 Rf8 17.Bc4 Rxf1+ 18.Kxf1 Ne6 19.Rd6 Ke7 20.b4 Bd7 21.b5 
Rf8+ 22.Kg1 Rf6 23.bxc6 bxc6 24.Bb3 Bf8 25.Ba4 Nxc5 26.Rd1 Ke8 27.Bc2 Rf7 
28.Bf2 Bc8 29.Bg3 Nd7 30.Ba4 Bc5+ 31.Kh1 Bb7 32.Ne2 Ba6 33.Ng1 Bb5 34.Bxb5
cxb5 35.Nf3 Bb6 36.Rc1 h6 37.h3 Re7 38.Rb1 a6 39.Rc1 Re6 40.Rc8+ Ke7 41.
Rh8 g5 42.Rh7+ Kd6 43.h4 g4 44.Nh2 Nf6 45.Rxh6 Nxe4 46.Rxe6+ Kxe6 47.Be1 
g3 48.Nf1 Nf2+ 49.Bxf2 Bxf2 0-1

[Event "32nd Rilton Cup"]
[Site "Stockholm SWE"]
[Date "2003.01.03"]
[Round "7.17"]
[White "Evertsson, Lennart"]
[Black "Ulybin, Mikhail"]
[Result "0-1"]
[WhiteElo "2226"]
[BlackElo "2581"]
[EventDate "2002.12.27"]
[PlyCount "92"]

1.d4 e6 2.Nf3 c5 3.e4 cxd4 4.Nxd4 Nf6 5.Nc3 d6 6.Be3 a6 7.Bd3 Be7 8.O-O e5
9.Nde2 b5 10.Ng3 O-O 11.Bg5 Be6 12.a4 b4 13.Nce2 Nbd7 14.Bd2 a5 15.Bb5 Nc5
16.Bg5 Rc8 17.Bxf6 Bxf6 18.c4 g6 19.Qc2 Qb6 20.Rad1 Bg7 21.Qd2 h5 22.h4 
Qd8 23.Qxd6 Qxh4 24.Bc6 Rxc6 25.Qxc6 Rc8 26.Qb5 Qg5 27.Rd5 Bxd5 28.cxd5 h4
29.d6 Qd8 30.Rd1 hxg3 31.Nxg3 Ne6 32.Rd5 Rc1+ 33.Nf1 Nd4 34.Qd3 Qd7 35.b3 
Rc6 36.f4 Rxd6 37.Ne3 exf4 38.Rxd6 Qxd6 39.Nd5 Qc5 40.Kh2 Qc1 41.Qa6 Be5 
42.Qa8+ Kg7 43.Qe8 Ne6 44.Ne7 f3+ 45.g3 Qd2+ 46.Kh3 Qh6+ 0-1

[Event "32nd Rilton Cup"]
[Site "Stockholm SWE"]
[Date "2003.01.03"]
[Round "7.18"]
[White "Ornstein, Axel"]
[Black "Palmblad, Jan-Peter"]
[Result "1-0"]
[WhiteElo "2426"]
[BlackElo "2187"]
[EventDate "2002.12.27"]
[PlyCount "93"]

1.c4 c5 2.Nf3 Nc6 3.d4 cxd4 4.Nxd4 g6 5.e4 Bg7 6.Be3 Nf6 7.Nc3 d6 8.Be2 
Bd7 9.O-O O-O 10.f3 a6 11.Nb3 b6 12.Qd2 Ne5 13.Rac1 Rb8 14.Rfd1 b5 15.c5 
Nc4 16.Bxc4 bxc4 17.Na1 Be6 18.cxd6 Qxd6 19.Qxd6 exd6 20.Rb1 Nd7 21.Nc2 
Nc5 22.Rxd6 Bxc3 23.Bxc5 Bxb2 24.Kf1 a5 25.Rxe6 fxe6 26.Bxf8 Kxf8 27.Ke2 
Ke7 28.Ne3 c3 29.Nc2 Rc8 30.Rd1 Rc4 31.Rd4 Rxd4 32.Nxd4 Kd6 33.Kd3 g5 34.
Ne2 Kc5 35.f4 gxf4 36.Nxf4 Kd6 37.Ne2 Ke5 38.Nd4 Ba3 39.g3 Bb4 40.Nf3+ Kd6
41.g4 h6 42.a4 Ke7 43.e5 Kf7 44.Nd4 c2 45.Kxc2 Be1 46.Kd3 Ke7 47.Nf3 1-0

[Event "32nd Rilton Cup"]
[Site "Stockholm SWE"]
[Date "2003.01.03"]
[Round "7.19"]
[White "Nyysti, Sampsa"]
[Black "Wikstroem, Joel"]
[Result "1-0"]
[WhiteElo "2410"]
[BlackElo "2185"]
[EventDate "2002.12.27"]
[PlyCount "57"]

1.e4 c5 2.Nf3 d6 3.d4 cxd4 4.Nxd4 Nf6 5.Nc3 a6 6.Be3 e6 7.f3 Nbd7 8.g4 Nc5
9.Qd2 b5 10.O-O-O Bb7 11.Ndxb5 axb5 12.Bxc5 dxc5 13.Bxb5+ Ke7 14.Qg5 Qc7 
15.e5 Bxf3 16.Rhf1 h6 17.Qh4 Bc6 18.exf6+ Ke8 19.fxg7 Bxg7 20.Qh5 Ra7 21.
Qxc5 Bxb5 22.Qxc7 Rxc7 23.Nxb5 Re7 24.Nd6+ Kf8 25.Nc8 Re8 26.Rd7 Bxb2+ 27.
Kxb2 Rxc8 28.Rfxf7+ Kg8 29.a4 1-0

[Event "32nd Rilton Cup"]
[Site "Stockholm SWE"]
[Date "2003.01.03"]
[Round "7.20"]
[White "Johansson, Viktoria"]
[Black "Lindberg, Bengt"]
[Result "1-0"]
[WhiteElo "2165"]
[BlackElo "2382"]
[EventDate "2002.12.27"]
[PlyCount "91"]

1.d4 Nf6 2.c4 e6 3.Nc3 Bb4 4.e3 b6 5.Bd3 Bb7 6.Nf3 O-O 7.O-O c5 8.a3 Bxc3 
9.bxc3 d6 10.Rb1 Nc6 11.e4 e5 12.d5 Ne7 13.Nh4 h6 14.g3 Bc8 15.f4 exf4 16.
gxf4 Bh3 17.Ng2 Ng6 18.Qf3 Qd7 19.Re1 Bg4 20.Qf2 Bh5 21.Qg3 Rae8 22.e5 
dxe5 23.fxe5 Ng4 24.Bf4 Qe7 25.Bxg6 fxg6 26.h3 g5 27.hxg4 Bg6 28.Rbd1 gxf4
29.Nxf4 Qg5 30.Nxg6 Qxg6 31.Rf1 Qe4 32.e6 b5 33.Rde1 Rxf1+ 34.Rxf1 Qxc4 
35.Qf3 Kh8 36.e7 Rxe7 37.Qf8+ Kh7 38.Qxe7 Qxg4+ 39.Kf2 Qf5+ 40.Ke1 Qxd5 
41.Qe3 a5 42.Rf3 c4 43.Qf4 Qb7 44.Re3 Qh1+ 45.Kf2 Qh5 46.Qe4+ 1-0

[Event "32nd Rilton Cup"]
[Site "Stockholm SWE"]
[Date "2003.01.03"]
[Round "7.21"]
[White "Brendel, Oliver"]
[Black "Norberg, Johan"]
[Result "1-0"]
[WhiteElo "2378"]
[BlackElo "2153"]
[EventDate "2002.12.27"]
[PlyCount "83"]

1.e4 g6 2.d4 Bg7 3.Nc3 c6 4.Nf3 d5 5.h3 Nf6 6.e5 Ne4 7.Nxe4 dxe4 8.Ng5 c5 
9.e6 f6 10.Nxe4 Qxd4 11.Bb5+ Nc6 12.Qe2 f5 13.Ng5 O-O 14.O-O Qe5 15.Qc4 
Nd4 16.c3 Nxb5 17.Qxb5 f4 18.Nf3 Qf5 19.Re1 Bxe6 20.Bxf4 Bd5 21.Bg3 Bxf3 
22.gxf3 b6 23.Rxe7 Qxh3 24.Rd1 Rxf3 25.Qe2 Raf8 26.Rdd7 R3f7 27.Rxa7 Qf5 
28.Qc4 h5 29.a4 g5 30.Rad7 h4 31.Rxf7 Rxf7 32.Rxf7 Qxf7 33.Qxf7+ Kxf7 34.
Bc7 Ke6 35.Bxb6 c4 36.a5 Kd7 37.a6 Kc6 38.Bd8 Bh6 39.f3 g4 40.fxg4 Bc1 41.
g5 Bxb2 42.Bf6 1-0

[Event "32nd Rilton Cup"]
[Site "Stockholm SWE"]
[Date "2003.01.03"]
[Round "7.22"]
[White "Landgren, Andreas"]
[Black "Shumiakina, Tatania"]
[Result "0-1"]
[WhiteElo "2164"]
[BlackElo "2364"]
[EventDate "2002.12.27"]
[PlyCount "66"]

1.d4 d5 2.c4 c6 3.Nf3 Nf6 4.Nc3 dxc4 5.a4 Bg4 6.Ne5 Bh5 7.f3 Nfd7 8.Nxc4 
e5 9.Nxe5 Nxe5 10.dxe5 Nd7 11.e6 fxe6 12.e3 Bb4 13.Qb3 Qe7 14.Be2 Nc5 15.
Qc4 e5 16.O-O a5 17.Bd1 Bg6 18.Ne4 Nxe4 19.fxe4 O-O-O 20.b3 Qg5 21.Kh1 
Rhe8 22.Ra2 Rf8 23.Rxf8 Rxf8 24.Bf3 Bf7 25.Qf1 Bxb3 26.Rb2 Be6 27.Qe2 Qe7 
28.Bd2 Bxd2 29.Qxd2 Qc5 30.Qe1 Rd8 31.Rd2 Rxd2 32.Qxd2 Qb4 33.Qd1 Kc7 0-1

[Event "32nd Rilton Cup"]
[Site "Stockholm SWE"]
[Date "2003.01.03"]
[Round "7.48"]
[White "Azizi, Haroon"]
[Black "Dalmau, Anneli"]
[Result "1-0"]
[WhiteElo "2126"]
[BlackElo "2089"]
[EventDate "2002.12.27"]
[PlyCount "55"]

1.Nf3 f5 2.d3 d6 3.e4 e5 4.Nc3 Nf6 5.h3 Nc6 6.exf5 Bxf5 7.g4 Be6 8.Bg2 Be7
9.d4 Bf7 10.d5 Nb4 11.Ng5 Bg6 12.O-O Nxc2 13.Ne6 Qd7 14.f4 exf4 15.Bxf4 
Nxa1 16.Qxa1 h6 17.Qd1 Rg8 18.Nb5 Bd8 19.Nbd4 Bf7 20.Re1 Bxe6 21.dxe6 Qc8 
22.e7 Kd7 23.Qe2 c6 24.Qe6+ Kc7 25.Bxd6+ Kb6 26.Qb3+ Ka6 27.Bf1+ b5 28.
Bxb5+ 1-0

[Event "32nd Rilton Cup"]
[Site "Stockholm SWE"]
[Date "2003.01.04"]
[Round "8.2"]
[White "Barkhagen, Jonas"]
[Black "Gleizerov, Evgeny"]
[Result "1/2-1/2"]
[WhiteElo "2458"]
[BlackElo "2581"]
[EventDate "2002.12.27"]
[PlyCount "40"]

1.d4 e6 2.e4 d5 3.Nd2 Nf6 4.e5 Nfd7 5.Bd3 c5 6.c3 Nc6 7.Ne2 cxd4 8.cxd4 f6
9.exf6 Nxf6 10.Nf3 Bd6 11.O-O O-O 12.Bf4 Bxf4 13.Nxf4 Ne4 14.Qc1 Ng5 15.
Nxg5 Qxg5 16.Bxh7+ Kxh7 17.Nxe6 Qf5 18.Nxf8+ Qxf8 19.Qg5 Qf5 20.Qxf5+ Bxf5
1/2-1/2

[Event "32nd Rilton Cup"]
[Site "Stockholm SWE"]
[Date "2003.01.04"]
[Round "8.3"]
[White "Brynell, Stellan"]
[Black "Nybaeck, Tomi"]
[Result "1/2-1/2"]
[WhiteElo "2524"]
[BlackElo "2445"]
[EventDate "2002.12.27"]
[PlyCount "80"]

1.e4 d6 2.d4 Nf6 3.Nc3 g6 4.Nf3 Bg7 5.Be2 O-O 6.O-O Bg4 7.Ng5 Bxe2 8.Qxe2 
Nc6 9.Rd1 e5 10.dxe5 Nxe5 11.f4 Ned7 12.e5 dxe5 13.fxe5 Re8 14.Nxf7 Qe7 
15.exf6 Qxe2 16.Nxe2 Nxf6 17.Nh6+ Bxh6 18.Bxh6 Rxe2 19.Rd4 Rae8 20.Rf1 Re1
21.a4 Rxf1+ 22.Kxf1 Kf7 23.Rb4 b6 24.Rd4 Re5 25.Bd2 Ke6 26.h3 Rc5 27.c4 
Re5 28.Bf4 Re4 29.Rxe4+ Nxe4 30.Ke2 Kd7 31.Be3 Kd6 32.a5 Ke5 33.axb6 axb6 
34.Kd3 Nc5+ 35.Bxc5 bxc5 36.Ke3 g5 37.g3 Kf5 38.Kd3 h6 39.Ke3 h5 40.Kf3 c6
1/2-1/2